000 00796nam a2200217Ia 4500
999 _c40165
_d40165
001 6771
003 GE_BSU
005 20200108115104.0
008 181216s||||||||xx |||||||||||||| ||und||
040 _cGE_BSU
041 _ageo
080 _a821.353.1-1 გ-51
100 _aგიორგობიანი, გურამ.
_96003
245 _aენგიდუნია :
_bლექსები /
_cგურამ გიორგობიანი ; რედ. ლ. თურმანიძე.
264 _aთბილისი :
_bმერანი,
_c1982.
300 _a46 გვ. ;
_c17 სმ.
653 _aენგიდუნია
653 _aლექსები
700 _aთურმანიძე, ლ.
_eრედაქტორი
_91756
942 _cBK
_2udc